000
00258nam a2200109 4500
082
_a
005.1RUB
100
_a
Rubin, Kenneth S.
245
_a
Developing Object Oriented Software
260
_a
New Jersey:
_b
Prentice-Hall,
_c
1997.
300
_a
636p. ;
942
_c
BK
999
_c
5306
_d
5306